Intensive surface water monitoring survey for segment no. 1212, Lake Somerville /

Bibliographic Details
Main Author: Petrick, David
Corporate Author: Texas Water Quality Board
Format: Book
Language:English
Published: Austin : Surveillance Section, Field Operations Division, Texas Water Quality Board, [1976?]
Series:Report (Texas Water Quality Board) ; IMS 20.
Subjects:

MARC

Tag First Indicator Second Indicator Subfields
LEADER 00000cam a2200000 i 4500
001 in00001056021
005 20150929091418.0
008 781120s1976 txub b s00010 eng d
035 |a (OCoLC)04386864 
035 |9 AFL5210AM 
040 |a IKM  |c IKM  |d UtOrBLW 
043 |a n-us-tx 
049 |a IKMd 
099 |a W1000.7  |a In8  |a no.20 
100 1 |a Petrick, David. 
245 1 0 |a Intensive surface water monitoring survey for segment no. 1212, Lake Somerville /  |c prepared by David V. Petrick. 
264 1 |a Austin :  |b Surveillance Section, Field Operations Division, Texas Water Quality Board,  |c [1976?] 
300 |a 53 pages in various pagings :  |b map ;  |c 28 cm. 
336 |a text  |b txt  |2 rdacontent 
337 |a unmediated  |b n  |2 rdamedia 
338 |a volume  |b nc  |2 rdacarrier 
490 1 |a Report - Texas Water Quality Board ; IMS 20 
504 |a Includes bibliographical references. 
650 0 |a Water quality  |z Texas  |z Lake Somerville. 
710 2 |a Texas Water Quality Board. 
830 0 |a Report (Texas Water Quality Board) ;  |v IMS 20. 
999 |a MARS 
999 f f |s 81440819-2db8-3e83-9174-5f8a9ea527ac  |i 41c1fbec-d413-38fe-af46-f707e4000c38  |t 0 
952 f f |p normal  |a Texas A&M University  |b College Station  |c Sterling C. Evans Library  |d Evans: Texas Documents (Annex 5th floor)  |t 0  |e W1000.7 In8 no.20  |h Superintendent of Documents classification  |i unmediated -- volume  |m A14814555331 
998 f f |a W1000.7 In8 no.20  |t 0  |l Evans: Texas Documents (Annex 5th floor)